000 00892nam a2200265Ia 4500
003 OSt
005 20220918170802.0
006 a|||||r|||| 00| 0
007 ta
008 220917b |||||||| |||| 00| 0 eng d
020 _a9780521541015 (pbk)
_c1249.26
024 _a232,524
037 _b85031, 27/11/2007, International Book Distributors
_cTextual
040 _aARTS
_cARTS
_beng
041 _2eng
_aeng
082 _aO111:g(V:17), P7
100 _aInnes C. L.
_931189
245 0 _aCambridge introduction to postcolonial literatures in English
260 _aCambridge
_bCambridge University Press USA
_c2007
300 _aix, 295p.
_ccm.
490 _aCambridge introductions to literature
650 _aENGLISH LITERATURE
942 _hO111:g(V:17), P7
_cTEXL
_2CC
999 _c135766
_d135766